00000000nam##2200000za#4500
0019.659713
003CaOODSP
00520200328090550
007ta
008150407|1997||||xxc|||||     f|0| 0 eng|d
020 |a0-662-63261-3
040 |aCaOODSP|beng
041 |aeng
041 |afre
043 |an-cn---
0861 |aCi63-20/1997
1101 |aCanada. |bCitizenship and Immigration Canada.
24510|aLanguage instruction for newcomers to Canada (LINC) : |bhandbook for service provider organizations
260 |aOttawa - Ontario : |bCitizenship and Immigration Canada |c1997.
300 |aEnglish text, 14p. ; |c28 cm.
500 |a"This guide contains useful information to help you, as a Service Provider Organization, fulfil your contractual agreement with Citizenship and Immigration Canada (CIC) for the Language Instruction for Newcomers to Canada (LINC) Program."--Page 1.
5203 |aThis guide contains useful information to help you, as a Service Provider Organization, fulfil your contractual agreement with Citizenship and Immigration Canada (CIC) for the Language Instruction for Newcomers to Canada (LINC) Program.--Page 1
546 |aBilingual
563 |aSoftcover
590 |a98-34|b1998-08-21
69007|aLanguage training|2gcpds
792 |tCours de langue pour les immigrants au Canada (CLIC) : |efre|w(CaOODSP)9.659714